The Peat and Wood Gasification at Different Conditions of the Pyrolysis Process; MATEC Web of Conferences; Vol. 37 : Smart Grids 2015
| Parent link: | MATEC Web of Conferences Vol. 37 : Smart Grids 2015.— 2015.— [01043, 5 p.] |
|---|---|
| Institution som forfatter: | |
| Andre forfattere: | , , , |
| Summary: | Title screen In this article are described the prospects of peat and wood using as a raw material for gasification with producing of high potential synthesis gas. It is shown that the low-grade fuel recycling, in particular wood and peat makes a use of this energy sources a possible alternative to the using a more traditional coal and natural gas. The features of low-temperature pyrolysis are analyzed and computer modeling of this process at different conditions is conducted. The temperature influence of recycling to main parameters (calorific value, elementary composition of gaseous components) of produced gas is established. |
| Sprog: | engelsk |
| Udgivet: |
2015
|
| Fag: | |
| Online adgang: | http://dx.doi.org/10.1051/matecconf/20153701043 http://earchive.tpu.ru/handle/11683/32651 |
| Format: | MixedMaterials Electronisk Book Chapter |
| KOHA link: | https://koha.lib.tpu.ru/cgi-bin/koha/opac-detail.pl?biblionumber=645662 |
MARC
| LEADER | 00000nla2a2200000 4500 | ||
|---|---|---|---|
| 001 | 645662 | ||
| 005 | 20231101134357.0 | ||
| 035 | |a (RuTPU)RU\TPU\network\10753 | ||
| 035 | |a RU\TPU\network\10751 | ||
| 090 | |a 645662 | ||
| 100 | |a 20160118a2015 k y0engy50 ba | ||
| 101 | 0 | |a eng | |
| 105 | |a y z 100zy | ||
| 135 | |a drgn ---uucaa | ||
| 181 | 0 | |a i | |
| 182 | 0 | |a b | |
| 200 | 1 | |a The Peat and Wood Gasification at Different Conditions of the Pyrolysis Process |f D. Portnov [et al.] | |
| 203 | |a Text |c electronic | ||
| 300 | |a Title screen | ||
| 320 | |a [References: 16 tit.] | ||
| 330 | |a In this article are described the prospects of peat and wood using as a raw material for gasification with producing of high potential synthesis gas. It is shown that the low-grade fuel recycling, in particular wood and peat makes a use of this energy sources a possible alternative to the using a more traditional coal and natural gas. The features of low-temperature pyrolysis are analyzed and computer modeling of this process at different conditions is conducted. The temperature influence of recycling to main parameters (calorific value, elementary composition of gaseous components) of produced gas is established. | ||
| 461 | 0 | |0 (RuTPU)RU\TPU\network\4526 |t MATEC Web of Conferences | |
| 463 | 0 | |0 (RuTPU)RU\TPU\network\10636 |t Vol. 37 : Smart Grids 2015 |o September 28 - October 2, 2015, Tomsk, Russia |o [proceedings] |f National Research Tomsk Polytechnic University (TPU) ; eds. P. A. Strizhak [et al.] |v [01043, 5 p.] |d 2015 | |
| 610 | 1 | |a электронный ресурс | |
| 610 | 1 | |a труды учёных ТПУ | |
| 610 | 1 | |a газификация | |
| 610 | 1 | |a торф | |
| 610 | 1 | |a древесина | |
| 610 | 1 | |a пиролиз | |
| 610 | 1 | |a альтернативные источники энергии | |
| 701 | 1 | |a Portnov |b D. |g Dmitriy | |
| 701 | 1 | |a Subbotin |b D. |g Dmitriy | |
| 701 | 1 | |a Kazakov |b A. V. |c specialist in the field of power engineering |c Associate Professor of Tomsk Polytechnic University, Candidate of technical sciences |f 1976- |g Aleksandr Vladimirovich |2 stltpush |3 (RuTPU)RU\TPU\pers\34185 | |
| 701 | 1 | |a Zavorin |b A. S. |c specialist in the field of Steam Generator Systems and Engineering |c Doctor of Technical Sciences, Professor of Tomsk Polytechnic University (TPU) |f 1946- |g Aleksandr Sergeevich |2 stltpush |3 (RuTPU)RU\TPU\pers\32484 | |
| 712 | 0 | 2 | |a Национальный исследовательский Томский политехнический университет (ТПУ) |b Энергетический институт (ЭНИН) |b Кафедра парогенераторостроения и парогенераторных установок (ПГС и ПГУ) |h 120 |2 stltpush |3 (RuTPU)RU\TPU\col\18681 |
| 801 | 2 | |a RU |b 63413507 |c 20161122 |g RCR | |
| 856 | 4 | |u http://dx.doi.org/10.1051/matecconf/20153701043 | |
| 856 | 4 | |u http://earchive.tpu.ru/handle/11683/32651 | |
| 942 | |c CF | ||